[Event "Madrid-chT 2122"]
[Site "Madrid"]
[Date "2021.11.28"]
[Round "1.2"]
[White "Montoliu Cervero, Francisco"]
[Black "Rottenwohrer Suarez, Juan"]
[Result "1/2-1/2"]
[WhiteElo "2415"]
[BlackElo "2264"]
[PlyCount "92"]
[EventDate "2021.11.27"]
[EventType "team-tourn"]
[EventRounds "14"]
[EventCountry "ESP"]
[SourceTitle "Ajedrez en Madrid"]
[Source "lmi"]
[SourceDate "2021.11.28"]
[SourceVersion "1"]
[SourceVersionDate "2022.03.28"]
[SourceQuality "1"]
[WhiteTeam "Villalba 64"]
[BlackTeam "La Didactica"]
[WhiteTeamCountry "ESP"]
[BlackTeamCountry "ESP"]

1. e4 c5 2. Nf3 g6 3. d4 cxd4 4. Nxd4 Nc6 5. c4 Nf6 6. Nc3 d6 7. Be2 Nxd4 8.
Qxd4 Bg7 9. Be3 O-O 10. Qd2 a5 11. f3 a4 12. O-O Qa5 13. Rab1 Be6 14. Rfc1 Rfc8
15. b4 axb3 16. axb3 Qb4 17. Na4 Qxd2 18. Bxd2 Nd7 19. Be3 Rc6 20. f4 Nc5 21.
Nxc5 dxc5 22. Bf3 h5 23. e5 Rc7 24. b4 cxb4 25. Rxb4 Ra3 26. Kf2 Ra2+ 27. Kg3
Ra3 28. Bd4 Bg4 29. Ra1 Rd3 30. Ra8+ Kh7 31. Rd8 Bxf3 32. gxf3 e6 33. Bb6 Rcd7
34. Rxd7 Rxd7 35. Bc5 g5 36. Bd6 Kg6 37. fxg5 Kxg5 38. c5 f6 39. exf6 Bxf6 40.
Re4 Kf5 41. Rf4+ Kg6 42. Re4 Kf5 43. Rf4+ Kg6 44. Re4 Kf5 45. Rf4+ Kg6 46. Rb4
Kf5 1/2-1/2

[Event "Madrid-chT 2122"]
[Site "Madrid"]
[Date "2021.11.28"]
[Round "1.3"]
[White "Arriaga Lugo, Ricardo"]
[Black "Valles Moreno, Ivan"]
[Result "0-1"]
[WhiteElo "2216"]
[BlackElo "2381"]
[PlyCount "70"]
[EventDate "2021.11.27"]
[EventType "team-tourn"]
[EventRounds "14"]
[EventCountry "ESP"]
[SourceTitle "Ajedrez en Madrid"]
[Source "lmi"]
[SourceDate "2021.11.28"]
[SourceVersion "1"]
[SourceVersionDate "2022.03.28"]
[SourceQuality "1"]
[WhiteTeam "La Didactica"]
[BlackTeam "Villalba 64"]
[WhiteTeamCountry "ESP"]
[BlackTeamCountry "ESP"]

1. d4 Nf6 2. Nf3 d6 3. g3 g6 4. Bg2 Bg7 5. O-O O-O 6. Re1 Nbd7 7. e4 e5 8. d5
Nc5 9. Nfd2 a5 10. Nb3 a4 11. Nxc5 dxc5 12. c4 Ne8 13. Nc3 Bd7 14. Qe2 Nd6 15.
Be3 b6 16. Rad1 f5 17. f3 f4 18. Bf2 h5 19. Qd3 g5 20. Ne2 Re8 21. Kh1 Qf6 22.
Rg1 Re7 23. b3 g4 24. Rdf1 Rf8 25. Be1 Qg5 26. Bd2 Ref7 27. Rf2 Qe7 28. gxf4
exf4 29. fxg4 f3 30. Rxf3 h4 31. Rxf7 Rxf7 32. h3 Be5 33. Qe3 b5 34. Qxc5 Nxe4
35. d6 Qxd6 0-1

[Event "Madrid-chT 2122"]
[Site "Madrid"]
[Date "2021.11.28"]
[Round "1.4"]
[White "Sanchez Gonzalez, Sergio"]
[Black "De la Puerta Cresis, Javier"]
[Result "1/2-1/2"]
[WhiteElo "2288"]
[BlackElo "2167"]
[PlyCount "78"]
[EventDate "2021.11.27"]
[EventType "team-tourn"]
[EventRounds "14"]
[EventCountry "ESP"]
[SourceTitle "Ajedrez en Madrid"]
[Source "lmi"]
[SourceDate "2021.11.28"]
[SourceVersion "1"]
[SourceVersionDate "2022.03.28"]
[SourceQuality "1"]
[WhiteTeam "Villalba 64"]
[BlackTeam "La Didactica"]
[WhiteTeamCountry "ESP"]
[BlackTeamCountry "ESP"]

1. Nf3 c5 2. c4 Nf6 3. Nc3 d5 4. cxd5 Nxd5 5. g3 Nc6 6. Bg2 Nc7 7. d3 e5 8. O-O
Be7 9. Nd2 Bd7 10. Nc4 f6 11. a4 Rb8 12. f4 exf4 13. Bxf4 Rc8 14. Ne4 O-O 15.
Ncd6 Rb8 16. Nxc5 Bc8 17. Ncxb7 Bxb7 18. Nxb7 Rxb7 19. Bxc6 Rb6 20. Qc1 Ne6 21.
Qc4 Bc5+ 22. Kh1 Rxc6 23. b4 Qa8 24. bxc5 Rxc5+ 25. Qe4 Qxe4+ 26. dxe4 Nxf4 27.
gxf4 Re8 28. Rfc1 Rxc1+ 29. Rxc1 Rxe4 30. Rc8+ Kf7 31. Rc7+ Re7 32. Rc2 Kg6 33.
Kg2 Re4 34. a5 Rxf4 35. Rc7 Re4 36. Kf3 Rh4 37. Kg3 Re4 38. Kf3 Rh4 39. Kg3 Re4
1/2-1/2

[Event "Madrid-chT 2122"]
[Site "Madrid"]
[Date "2021.11.28"]
[Round "1.5"]
[White "Perez Ordoñez, Jose Ramon"]
[Black "Aymerich Verdaguer, Eduard"]
[Result "1-0"]
[WhiteElo "2164"]
[BlackElo "2214"]
[PlyCount "73"]
[EventDate "2021.11.27"]
[EventType "team-tourn"]
[EventRounds "14"]
[EventCountry "ESP"]
[SourceTitle "Ajedrez en Madrid"]
[Source "lmi"]
[SourceDate "2021.11.28"]
[SourceVersion "1"]
[SourceVersionDate "2022.03.28"]
[SourceQuality "1"]
[WhiteTeam "La Didactica"]
[BlackTeam "Villalba 64"]
[WhiteTeamCountry "ESP"]
[BlackTeamCountry "ESP"]

1. e4 c5 2. c3 d5 3. exd5 Qxd5 4. d4 cxd4 5. cxd4 e6 6. Nc3 Bb4 7. Nf3 Nf6 8.
Bd2 Bxc3 9. bxc3 O-O 10. Bd3 Nc6 11. Qe2 Rd8 12. O-O b6 13. Bg5 Bb7 14. c4 Qa5
15. d5 exd5 16. Bxf6 gxf6 17. Rfe1 d4 18. Qe4 Qh5 19. Qf4 Nb4 20. Be4 Bxe4 21.
Rxe4 f5 22. Rxd4 Rxd4 23. Qxd4 Qg4 24. Qc3 Nc6 25. Re1 Rd8 26. h3 Qg7 27. Qe3
Qf6 28. Qf4 h6 29. g3 Nb4 30. Ne5 Nc2 31. Ng4 Qd6 32. Re8+ Rxe8 33. Qxd6 fxg4
34. hxg4 Re6 35. Qb8+ Kg7 36. Qxa7 Ne1 37. Qa3 1-0

[Event "Madrid-chT 2122"]
[Site "Madrid"]
[Date "2021.11.28"]
[Round "1.6"]
[White "Balague Camps, Marc"]
[Black "Baldus Martin, Juan"]
[Result "1-0"]
[WhiteElo "2204"]
[BlackElo "2021"]
[PlyCount "95"]
[EventDate "2021.11.27"]
[EventType "team-tourn"]
[EventRounds "14"]
[EventCountry "ESP"]
[SourceTitle "Ajedrez en Madrid"]
[Source "lmi"]
[SourceDate "2021.11.28"]
[SourceVersion "1"]
[SourceVersionDate "2022.03.28"]
[SourceQuality "1"]
[WhiteTeam "Villalba 64"]
[BlackTeam "La Didactica"]
[WhiteTeamCountry "ESP"]
[BlackTeamCountry "ESP"]

1. d4 d5 2. c4 c6 3. cxd5 cxd5 4. Bf4 Nc6 5. Nc3 Nf6 6. e3 Bf5 7. Qb3 Na5 8.
Qa4+ Bd7 9. Qc2 e6 10. h3 Rc8 11. Bd3 Nc4 12. Rc1 h6 13. Nf3 Bb4 14. O-O O-O
15. Qe2 Qa5 16. a3 Be7 17. Ne5 Rfd8 18. Nxc4 dxc4 19. Bxc4 b5 20. Bd3 b4 21.
axb4 Qxb4 22. Ra1 a5 23. Ra2 Nd5 24. Nxd5 exd5 25. Rfa1 a4 26. Bc2 Bb5 27. Qd1
Bc4 28. Rxa4 Qxb2 29. Rb1 Qc3 30. Ra7 Bd6 31. Bf5 Bxf4 32. Bxc8 Bxe3 33. Qf3
Bxd4 34. Qxf7+ Kh8 35. Ra8 Bd3 36. Rd1 Be4 37. Bb7 Rxa8 38. Bxa8 Bc2 39. Bxd5
Kh7 40. Qg8+ Kg6 41. Qe8+ Kg5 42. Rf1 Qc5 43. Be4 Bxe4 44. Qxe4 Kf6 45. Qf4+
Kg6 46. Re1 Bf6 47. Qe4+ Kf7 48. Qe8# 1-0

[Event "Madrid-chT 2122"]
[Site "Madrid"]
[Date "2021.12.12"]
[Round "2.1"]
[White "Reyes Larena, Juan"]
[Black "Candela Perez, Jose"]
[Result "1/2-1/2"]
[WhiteElo "2445"]
[BlackElo "2330"]
[PlyCount "48"]
[EventDate "2021.11.27"]
[EventType "team-tourn"]
[EventRounds "14"]
[EventCountry "ESP"]
[SourceTitle "Ajedrez en Madrid"]
[Source "lmi"]
[SourceDate "2021.11.28"]
[SourceVersion "1"]
[SourceVersionDate "2022.03.28"]
[SourceQuality "1"]
[WhiteTeam "San Sebastian de los Reyes"]
[BlackTeam "Alcala de Henares"]
[WhiteTeamCountry "ESP"]
[BlackTeamCountry "ESP"]

1. e4 c5 2. Nf3 d6 3. d4 cxd4 4. Nxd4 Nf6 5. Nc3 a6 6. Be2 e6 7. O-O Be7 8. f4
O-O 9. Kh1 Nc6 10. Be3 Qc7 11. Qe1 Bd7 12. Qg3 Nxd4 13. Bxd4 Bc6 14. Rae1 b5
15. a3 Rad8 16. e5 dxe5 17. Bxe5 Qd7 18. Bd3 Nh5 19. Qh3 g6 20. f5 exf5 21.
Bxf5 Qb7 22. Bd3 f6 23. Bg3 Nxg3+ 24. Qxg3 Bd6 1/2-1/2

[Event "Madrid-chT 2122"]
[Site "Madrid"]
[Date "2021.12.12"]
[Round "2.2"]
[White "Moreno Ibañez, Miguel"]
[Black "Quevedo Marin, Manuel"]
[Result "1/2-1/2"]
[WhiteElo "2268"]
[BlackElo "2195"]
[PlyCount "124"]
[EventDate "2021.11.27"]
[EventType "team-tourn"]
[EventRounds "14"]
[EventCountry "ESP"]
[SourceTitle "Ajedrez en Madrid"]
[Source "lmi"]
[SourceDate "2021.11.28"]
[SourceVersion "1"]
[SourceVersionDate "2022.03.28"]
[SourceQuality "1"]
[WhiteTeam "Alcala de Henares"]
[BlackTeam "San Sebastian de los Reyes"]
[WhiteTeamCountry "ESP"]
[BlackTeamCountry "ESP"]

1. e4 e5 2. Nc3 Nf6 3. g3 d5 4. exd5 Nxd5 5. Bg2 Nxc3 6. bxc3 Bc5 7. Nf3 Nc6 8.
O-O O-O 9. d3 h6 10. Re1 Qf6 11. Qe2 Bb6 12. a4 e4 13. dxe4 Qxc3 14. Rb1 Be6
15. Bb2 Qc4 16. Qxc4 Bxc4 17. Bc3 Rad8 18. Bf1 Bxf1 19. Kxf1 Rfe8 20. Rb5 a6
21. Rh5 Nd4 22. Bxd4 Bxd4 23. Rb1 b6 24. Rd1 Rxe4 25. a5 Bf6 26. Rb1 Rd6 27.
Rb3 Rc4 28. Ne1 b5 29. Rf5 Bc3 30. Nd3 Bxa5 31. Ra3 Bc3 32. h4 Bf6 33. Ra2 g6
34. Rc5 Rc3 35. Rxc3 Bxc3 36. Nc5 Rd4 37. Rxa6 Rc4 38. Nd3 Bd4 39. Ra2 c5 40.
Ke2 Kg7 41. Kd2 h5 42. Ra7 Bc3+ 43. Ke3 Ra4 44. Rb7 Bd4+ 45. Kf3 b4 46. Ke4 Ra8
47. Kd5 Ra2 48. Nf4 Rxc2 49. Ne6+ Kg8 50. Rb8+ Kh7 51. Ng5+ Kg7 52. f3 Bf6 53.
Ne4 Bd4 54. Rb7 Re2 55. f4 Re3 56. Ng5 Rxg3 57. Rxf7+ Kg8 58. Rb7 b3 59. Rb8+
Kg7 60. Ne6+ Kh7 61. Ng5+ Kg7 62. Rb7+ Kg8 1/2-1/2

[Event "Madrid-chT 2122"]
[Site "Madrid"]
[Date "2021.12.12"]
[Round "2.3"]
[White "Alfaya Marcelo, Roberto"]
[Black "Palenciano Escolar, Adrian"]
[Result "1-0"]
[WhiteElo "2194"]
[BlackElo "2139"]
[PlyCount "121"]
[EventDate "2021.11.27"]
[EventType "team-tourn"]
[EventRounds "14"]
[EventCountry "ESP"]
[SourceTitle "Ajedrez en Madrid"]
[Source "lmi"]
[SourceDate "2021.11.28"]
[SourceVersion "1"]
[SourceVersionDate "2022.03.28"]
[SourceQuality "1"]
[WhiteTeam "San Sebastian de los Reyes"]
[BlackTeam "Alcala de Henares"]
[WhiteTeamCountry "ESP"]
[BlackTeamCountry "ESP"]

1. c4 Nf6 2. Nc3 g6 3. e4 d6 4. d4 Bg7 5. h3 O-O 6. Be3 e5 7. d5 Na6 8. Nf3 Nh5
9. a3 f5 10. b4 Kh8 11. Rc1 Nf6 12. c5 dxc5 13. Bxa6 cxb4 14. axb4 bxa6 15. O-O
Nxe4 16. Nxe4 fxe4 17. Ng5 Rb8 18. Rc4 Rb5 19. Qc1 Rxd5 20. Rxc7 Rd7 21. Rc6
Rb7 22. Rd1 Rd7 23. Re1 Rb7 24. Bc5 Rf4 25. Bb6 Qxg5 26. Rxc8+ Bf8 27. Rxf8+
Kg7 28. Rxf4 Qxf4 29. Qxf4 exf4 30. Bd4+ Kf7 31. Rxe4 Rxb4 32. Rxf4+ Ke8 33.
Rf8+ Kd7 34. Be3 Kc6 35. Rf6+ Kb5 36. Rf7 a5 37. Rxh7 a6 38. Rg7 a4 39. Rb7+
Kc4 40. Rxb4+ Kxb4 41. Bd4 a3 42. h4 Kc4 43. Bg7 Kd3 44. g4 Ke4 45. f3+ Kf4 46.
Kf2 a2 47. Bc3 a5 48. Bxa5 a1=Q 49. Bc7+ Qe5 50. Bxe5+ Kxe5 51. Ke3 Kf6 52. Ke4
Ke6 53. f4 Kf6 54. Kd5 Kf7 55. Kd6 Kg7 56. Ke7 Kh6 57. f5 Kh7 58. f6 g5 59. f7
gxh4 60. f8=Q h3 61. Kf6 1-0

[Event "Madrid-chT 2122"]
[Site "Madrid"]
[Date "2021.12.12"]
[Round "2.4"]
[White "Cubillo Muñoz, Miguel"]
[Black "Martinez Fernandez, Raul"]
[Result "1/2-1/2"]
[WhiteElo "2125"]
[BlackElo "2203"]
[PlyCount "55"]
[EventDate "2021.11.27"]
[EventType "team-tourn"]
[EventRounds "14"]
[EventCountry "ESP"]
[SourceTitle "Ajedrez en Madrid"]
[Source "lmi"]
[SourceDate "2021.11.28"]
[SourceVersion "1"]
[SourceVersionDate "2022.03.28"]
[SourceQuality "1"]
[WhiteTeam "Alcala de Henares"]
[BlackTeam "San Sebastian de los Reyes"]
[WhiteTeamCountry "ESP"]
[BlackTeamCountry "ESP"]

1. e4 e5 2. Nf3 Nc6 3. g3 Nf6 4. d3 d5 5. Nbd2 Bg4 6. h3 Bh5 7. g4 Bg6 8. Nh4
dxe4 9. Nxg6 hxg6 10. g5 Nd5 11. Nxe4 Qd7 12. c3 Rh4 13. Qf3 O-O-O 14. Be2 Nce7
15. Qxf7 Rxh3 16. Rxh3 Qxh3 17. Qf3 Qh2 18. Bd2 Nf5 19. O-O-O Qh8 20. Rh1 Qg8
21. Bd1 Be7 22. Bb3 c6 23. Qh3 Rf8 24. Re1 Qe6 25. f4 exf4 26. Bxf4 Qd7 27. Be5
Nd6 28. Qxd7+ 1/2-1/2

[Event "Madrid-chT 2122"]
[Site "Madrid"]
[Date "2021.12.12"]
[Round "2.5"]
[White "Reyes Peñas, Sebastian"]
[Black "Yañez Rodriguez, Wilbert"]
[Result "1-0"]
[WhiteElo "2162"]
[BlackElo "2118"]
[PlyCount "103"]
[EventDate "2021.11.27"]
[EventType "team-tourn"]
[EventRounds "14"]
[EventCountry "ESP"]
[SourceTitle "Ajedrez en Madrid"]
[Source "lmi"]
[SourceDate "2021.11.28"]
[SourceVersion "1"]
[SourceVersionDate "2022.03.28"]
[SourceQuality "1"]
[WhiteTeam "San Sebastian de los Reyes"]
[BlackTeam "Alcala de Henares"]
[WhiteTeamCountry "ESP"]
[BlackTeamCountry "ESP"]

1. e4 c5 2. Nf3 g6 3. d4 cxd4 4. Nxd4 Bg7 5. c4 Nc6 6. Be3 Nf6 7. Nc3 O-O 8.
Be2 d6 9. O-O Bd7 10. Qd2 Nxd4 11. Bxd4 Bc6 12. f3 a5 13. b3 Nd7 14. Be3 Nc5
15. Rab1 e6 16. Rfd1 Be5 17. Bd4 Qe7 18. Qe3 Rfd8 19. Bf1 Bxd4 20. Rxd4 e5 21.
Rd2 Ne6 22. a3 f5 23. exf5 gxf5 24. b4 axb4 25. axb4 f4 26. Qf2 Ra3 27. Rd3
Rda8 28. Rbd1 Nd4 29. b5 Be8 30. Nd5 Qg5 31. h4 Qh6 32. Rxd4 exd4 33. Qxd4 Qxh4
34. Nf6+ Kg7 35. Ne4+ Kg8 36. Nxd6 Qe7 37. Qxf4 Bg6 38. c5 R8a4 39. Bc4+ Kg7
40. Qd4+ Qf6 41. Nxb7 Ra1 42. Qxf6+ Kxf6 43. Rxa1 Rxa1+ 44. Kf2 Rc1 45. Nd6 Ke7
46. f4 Be8 47. f5 Bd7 48. g4 h5 49. g5 Kd8 50. Bf7 Ke7 51. f6+ Kf8 52. g6 1-0

[Event "Madrid-chT 2122"]
[Site "Madrid"]
[Date "2021.12.12"]
[Round "2.6"]
[White "Vaquerizo Calvo, Miguel Arturo"]
[Black "Hernandez Ramos, David"]
[Result "1/2-1/2"]
[WhiteElo "2057"]
[BlackElo "2090"]
[PlyCount "102"]
[EventDate "2021.11.27"]
[EventType "team-tourn"]
[EventRounds "14"]
[EventCountry "ESP"]
[SourceTitle "Ajedrez en Madrid"]
[Source "lmi"]
[SourceDate "2021.11.28"]
[SourceVersion "1"]
[SourceVersionDate "2022.03.28"]
[SourceQuality "1"]
[WhiteTeam "Alcala de Henares"]
[BlackTeam "San Sebastian de los Reyes"]
[WhiteTeamCountry "ESP"]
[BlackTeamCountry "ESP"]

1. e4 e6 2. d4 d5 3. Nc3 Bb4 4. e5 c5 5. a3 Bxc3+ 6. bxc3 Ne7 7. h4 Qc7 8. Bd2
O-O 9. h5 Nbc6 10. h6 g6 11. Nf3 f6 12. exf6 Rxf6 13. Bg5 Rf7 14. Rb1 e5 15.
dxc5 Qa5 16. Rb5 Qxc3+ 17. Bd2 Qxa3 18. c4 d4 19. Ng5 Rf8 20. Ne4 Bf5 21. Nd6
a6 22. Rxb7 Qxc5 23. Nxf5 Nxf5 24. Bd3 Rae8 25. Be4 Qxc4 26. Qg4 Nce7 27. Rh3
Rb8 28. Rhb3 Rbc8 29. Qg5 Rc7 30. g4 Nd6 31. Rxc7 Qxc7 32. Qxe5 Rf7 33. Rb7 Qd8
34. Ra7 Nxe4 35. Qxe4 Nc8 36. Rxa6 Re7 37. Re6 Qe8 38. Rxe7 Qxe7 39. Qxe7 Nxe7
40. Ke2 Kf7 41. Kd3 Nc6 42. Ke4 Ke6 43. f4 Kd6 44. f5 gxf5+ 45. Kxf5 Ke7 46.
Ke4 Kf6 47. g5+ Kg6 48. Kd5 Nd8 49. Kxd4 Ne6+ 50. Ke4 Nxg5+ 51. Bxg5 Kxg5
1/2-1/2

[Event "Madrid-chT 2122"]
[Site "Madrid"]
[Date "2021.12.11"]
[Round "2.1"]
[White "Taboas Rodriguez, Daniel"]
[Black "Corral Blanco, Juan Antonio"]
[Result "1-0"]
[WhiteElo "2367"]
[BlackElo "2421"]
[PlyCount "121"]
[EventDate "2021.11.27"]
[EventType "team-tourn"]
[EventRounds "14"]
[EventCountry "ESP"]
[SourceTitle "Ajedrez en Madrid"]
[Source "lmi"]
[SourceDate "2021.11.28"]
[SourceVersion "1"]
[SourceVersionDate "2022.03.28"]
[SourceQuality "1"]
[WhiteTeam "Blanco y Negro"]
[BlackTeam "La Didactica"]
[WhiteTeamCountry "ESP"]
[BlackTeamCountry "ESP"]

1. d4 Nf6 2. Nf3 b6 3. Bg5 e6 4. e3 Bb7 5. Bd3 h6 6. Bh4 g5 7. Bg3 Ne4 8. O-O
Nxg3 9. fxg3 d6 10. Nc3 Bg7 11. Nd2 Nd7 12. Nde4 d5 13. Qh5 O-O 14. Nf2 f5 15.
g4 Nf6 16. Qh3 fxg4 17. Nxg4 Nxg4 18. Rxf8+ Qxf8 19. Qxg4 Qe7 20. Qh5 Rf8 21.
Qg6 Rf6 22. Qh7+ Kf8 23. Ne2 Bc6 24. Ng3 Be8 25. c3 c5 26. Rf1 Rxf1+ 27. Kxf1
Qf6+ 28. Ke2 Bf7 29. Bc2 g4 30. Qd3 c4 31. Qd1 h5 32. Qf1 Qxf1+ 33. Nxf1 Ke7
34. e4 Bh6 35. exd5 exd5 36. Ne3 Bg5 37. Bf5 Kd6 38. g3 a5 39. a4 Be8 40. Bc2
Ke6 41. b3 Bxe3 42. Kxe3 cxb3 43. Bxb3 b5 44. axb5 Bxb5 45. Kd2 Kd6 46. Kc2 Be8
47. Kb2 Bf7 48. Ka3 Kc6 49. Ba4+ Kb6 50. Bd7 Kc7 51. Bb5 Kb6 52. Ka4 Bg6 53.
Bd7 Bf7 54. Bc8 Be8+ 55. Kb3 Kb5 56. Bf5 a4+ 57. Kc2 Ka5 58. Kb2 Kb5 59. Kc2
Kc6 60. Be6 Kd6 61. Bg8 1-0

[Event "Madrid-chT 2122"]
[Site "Madrid"]
[Date "2021.12.11"]
[Round "2.2"]
[White "Perez Ordoñez, Jose Ramon"]
[Black "Alarcia Astiz, Carlos"]
[Result "0-1"]
[WhiteElo "2164"]
[BlackElo "2314"]
[PlyCount "94"]
[EventDate "2021.11.27"]
[EventType "team-tourn"]
[EventRounds "14"]
[EventCountry "ESP"]
[SourceTitle "Ajedrez en Madrid"]
[Source "lmi"]
[SourceDate "2021.11.28"]
[SourceVersion "1"]
[SourceVersionDate "2022.03.28"]
[SourceQuality "1"]
[WhiteTeam "La Didactica"]
[BlackTeam "Blanco y Negro"]
[WhiteTeamCountry "ESP"]
[BlackTeamCountry "ESP"]

1. e4 c6 2. d4 d5 3. e5 Bf5 4. Nf3 e6 5. Be2 h6 6. O-O Ne7 7. b3 Nd7 8. c4 Bg6
9. Nc3 Nf5 10. cxd5 cxd5 11. Bd3 Rc8 12. Ne2 Nh4 13. Ne1 Bb4 14. Bxg6 Nxg6 15.
Nd3 Qb6 16. Nxb4 Qxb4 17. a4 Qb6 18. Ba3 Rc6 19. Rc1 Ne7 20. Rxc6 Nxc6 21. Qc2
Nf8 22. Rc1 Ng6 23. Bc5 Qd8 24. b4 a6 25. Bd6 Qb6 26. Bc5 Qd8 27. b5 axb5 28.
Nc3 Nge7 29. axb5 Na5 30. b6 O-O 31. Nb5 Nc4 32. Nd6 Nxb6 33. Qb3 Nd7 34. Qxb7
Nxc5 35. Rxc5 Qa8 36. Qc7 Qa4 37. Rc1 Ng6 38. Qc5 Nf4 39. Kf1 Nd3 40. Qc2 Qxd4
41. Rd1 Qxe5 42. Nxf7 Rxf7 43. Rxd3 Rc7 44. Qb1 Qxh2 45. Rh3 Qf4 46. Qb8+ Kh7
47. Rc3 Rf7 0-1

[Event "Madrid-chT 2122"]
[Site "Madrid"]
[Date "2021.12.11"]
[Round "2.3"]
[White "Renteria Becerra, Jorge Elicer"]
[Black "Rodriguez Lapetra, Pablo"]
[Result "1/2-1/2"]
[WhiteElo "2272"]
[BlackElo "2159"]
[PlyCount "80"]
[EventDate "2021.11.27"]
[EventType "team-tourn"]
[EventRounds "14"]
[EventCountry "ESP"]
[SourceTitle "Ajedrez en Madrid"]
[Source "lmi"]
[SourceDate "2021.11.28"]
[SourceVersion "1"]
[SourceVersionDate "2022.03.28"]
[SourceQuality "1"]
[WhiteTeam "Blanco y Negro"]
[BlackTeam "La Didactica"]
[WhiteTeamCountry "ESP"]
[BlackTeamCountry "ESP"]

1. e4 c5 2. Nf3 Nc6 3. d4 cxd4 4. Nxd4 Nf6 5. Nc3 e5 6. Ndb5 d6 7. Bg5 a6 8.
Na3 b5 9. Bxf6 gxf6 10. Nd5 Bg7 11. g3 Ne7 12. Bg2 O-O 13. c3 Nxd5 14. exd5 f5
15. O-O Qb6 16. Nc2 a5 17. a3 Bd7 18. Qh5 Qd8 19. Ne3 Qf6 20. Bh3 Qg6 21. Qf3
e4 22. Nxf5 exf3 23. Ne7+ Kh8 24. Nxg6+ fxg6 25. Bxd7 b4 26. axb4 axb4 27. Rxa8
Rxa8 28. cxb4 Bxb2 29. Rd1 Ra2 30. Bg4 Bd4 31. Rf1 Rb2 32. Bxf3 Rxb4 33. h4 Rb2
34. Kg2 Kg7 35. Bg4 Kf6 36. Be6 Ra2 37. g4 h6 38. Kf3 Ra1 39. Rxa1 Bxa1 40. Ke4
g5 1/2-1/2

[Event "Madrid-chT 2122"]
[Site "Madrid"]
[Date "2021.12.11"]
[Round "2.4"]
[White "Barraza Caracuel, Ignacio"]
[Black "Hidalgo Duque, Carlos"]
[Result "1/2-1/2"]
[WhiteElo "2107"]
[BlackElo "2259"]
[PlyCount "104"]
[EventDate "2021.11.27"]
[EventType "team-tourn"]
[EventRounds "14"]
[EventCountry "ESP"]
[SourceTitle "Ajedrez en Madrid"]
[Source "lmi"]
[SourceDate "2021.11.28"]
[SourceVersion "1"]
[SourceVersionDate "2022.03.28"]
[SourceQuality "1"]
[WhiteTeam "La Didactica"]
[BlackTeam "Blanco y Negro"]
[WhiteTeamCountry "ESP"]
[BlackTeamCountry "ESP"]

1. Nf3 d5 2. g3 Nf6 3. Bg2 c6 4. O-O Bf5 5. d3 h6 6. b3 e6 7. Ba3 Bxa3 8. Nxa3
O-O 9. c4 Nbd7 10. Nc2 a5 11. Ne3 Bh7 12. Qc2 Qe7 13. a3 c5 14. cxd5 exd5 15.
Nh4 Qe5 16. Nf3 Qe6 17. Qb2 d4 18. Nd1 Nd5 19. Qc2 g5 20. Nb2 Ra6 21. Rfe1 f5
22. Qc4 Nc3 23. e3 Qxc4 24. Nxc4 b5 25. Nce5 Nxe5 26. Nxe5 dxe3 27. fxe3 Rd6
28. Rac1 b4 29. Bf1 f4 30. exf4 gxf4 31. axb4 axb4 32. gxf4 Rxf4 33. Re3 Kg7
34. Rce1 Bf5 35. Rg3+ Kf6 36. Bh3 Rd5 37. Nc4 Bxh3 38. Rxh3 Rg5+ 39. Kh1 h5 40.
Nd6 Rd5 41. Nc4 Rf2 42. Rhe3 Rdf5 43. Re6+ Kg5 44. Ne3 R5f3 45. Re5+ Kg6 46.
Rg1+ Kf6 47. Re8 Kf7 48. Rgg8 Rf6 49. Ref8+ Ke6 50. Re8+ Kd7 51. Rd8+ Kc6 52.
Rc8+ Kd7 1/2-1/2

[Event "Madrid-chT 2122"]
[Site "Madrid"]
[Date "2021.12.11"]
[Round "2.5"]
[White "Balbuena Fuentes, Mario"]
[Black "Baldus Martin, Juan"]
[Result "1-0"]
[WhiteElo "2221"]
[BlackElo "2021"]
[PlyCount "101"]
[EventDate "2021.11.27"]
[EventType "team-tourn"]
[EventRounds "14"]
[EventCountry "ESP"]
[SourceTitle "Ajedrez en Madrid"]
[Source "lmi"]
[SourceDate "2021.11.28"]
[SourceVersion "1"]
[SourceVersionDate "2022.03.28"]
[SourceQuality "1"]
[WhiteTeam "Blanco y Negro"]
[BlackTeam "La Didactica"]
[WhiteTeamCountry "ESP"]
[BlackTeamCountry "ESP"]

1. Nf3 d5 2. b3 Nf6 3. Bb2 e6 4. c4 Be7 5. e3 O-O 6. Nc3 Nbd7 7. Qc2 b6 8. cxd5
exd5 9. Nd4 Bb7 10. Nf5 a6 11. Be2 Re8 12. Nxe7+ Qxe7 13. O-O Rac8 14. d4 Nf8
15. Rac1 Ne6 16. Bd3 Ng5 17. Bf5 Ne6 18. Na4 g6 19. Bd3 Qd6 20. f3 Ng5 21. Qd2
h6 22. Rfe1 Re7 23. Re2 Rce8 24. Rce1 Re6 25. Bb1 Qe7 26. Nc3 Nh5 27. e4 Nf6
28. e5 Nh5 29. f4 Nh7 30. f5 gxf5 31. Bxf5 Ng5 32. Bxe6 Qxe6 33. Rf2 Qg4 34.
Qe3 c5 35. Ne2 Ne4 36. Rff1 Re6 37. Nf4 Nxf4 38. Qxf4 Qxf4 39. Rxf4 Bc6 40. Rc1
cxd4 41. Bxd4 Bb5 42. Rc8+ Kg7 43. Rb8 Rc6 44. h4 Rc1+ 45. Kh2 Rd1 46. e6+ f6
47. Rg4+ Kh7 48. Rbg8 Ng5 49. hxg5 Rxd4 50. Rxd4 Kxg8 51. gxf6 1-0

[Event "Madrid-chT 2122"]
[Site "Madrid"]
[Date "2021.12.11"]
[Round "2.6"]
[White "Kohler, Sigmund"]
[Black "Rodriguez Melendez, Juan Humbert"]
[Result "0-1"]
[WhiteElo "2002"]
[BlackElo "2149"]
[PlyCount "116"]
[EventDate "2021.11.27"]
[EventType "team-tourn"]
[EventRounds "14"]
[EventCountry "ESP"]
[SourceTitle "Ajedrez en Madrid"]
[Source "lmi"]
[SourceDate "2021.11.28"]
[SourceVersion "1"]
[SourceVersionDate "2022.03.28"]
[SourceQuality "1"]
[WhiteTeam "La Didactica"]
[BlackTeam "Blanco y Negro"]
[WhiteTeamCountry "ESP"]
[BlackTeamCountry "ESP"]

1. d4 Nf6 2. Nf3 g6 3. Bg5 Bg7 4. Nbd2 d5 5. e3 O-O 6. Bd3 c5 7. c3 Qb6 8. Rb1
Nc6 9. O-O Re8 10. Re1 e5 11. dxc5 Qxc5 12. e4 dxe4 13. Nxe4 Nxe4 14. Bxe4 Be6
15. Ra1 a5 16. Qc1 f6 17. Bh6 a4 18. h4 f5 19. Bc2 e4 20. Bxg7 Kxg7 21. Ng5 Bc4
22. b3 Bg8 23. c4 a3 24. Qd2 Red8 25. Qc3+ Qd4 26. Qxd4+ Rxd4 27. Rad1 Rad8 28.
Rxd4 Rxd4 29. Kf1 Kf6 30. Re2 h6 31. Nh3 g5 32. hxg5+ hxg5 33. Ke1 Be6 34. Rd2
f4 35. Ng1 e3 36. fxe3 fxe3 37. Re2 Nb4 38. Bb1 Bf5 39. Bxf5 Kxf5 40. Nf3 Rd8
41. Nh2 Rh8 42. Nf1 Rh1 43. Rxe3 Nc2+ 44. Kd2 Rxf1 45. Kxc2 Rf2+ 46. Kc3 Rxg2
47. b4 Rxa2 48. Kb3 Ra1 49. Re7 b6 50. Rb7 g4 51. Rxb6 g3 52. Rb8 g2 53. Rg8
g1=Q 54. Rxg1 Rxg1 55. Kxa3 Ke6 56. Ka4 Kd6 57. Kb5 Kc7 58. c5 Rb1 0-1